Normal view
MARC view
- اعداد نسيب، أمين
Entry Personal Name
001 - CONTROL NUMBER
- control field: 17551
003 - CONTROL NUMBER IDENTIFIER
- control field: JO-AjAnu
005 - DATE AND TIME OF LATEST TRANSACTION
- control field: 20230606073110.0
008 - FIXED-LENGTH DATA ELEMENTS
- fixed length control field: 230606|| aca||aabn | a|a d
040 ## - CATALOGING SOURCE
- Original cataloging agency: JO-AjAnu
- Transcribing agency: JO-AjAnu
100 ## - HEADING--PERSONAL NAME
- Personal name: اعداد نسيب، أمين
670 ## - SOURCE DATA FOUND
- Source citation: Work cat.: (JO-AjAnu)9011: اعداد نسيب، أمين, author, تفسير الأحلام المفضل